<?xml version="1.0" encoding="UTF-8"?><?xml-stylesheet type="text/xsl" href="static/style.xsl"?><OAI-PMH xmlns="http://www.openarchives.org/OAI/2.0/" xmlns:xsi="http://www.w3.org/2001/XMLSchema-instance" xsi:schemaLocation="http://www.openarchives.org/OAI/2.0/ http://www.openarchives.org/OAI/2.0/OAI-PMH.xsd"><responseDate>2026-06-01T19:48:55Z</responseDate><request verb="GetRecord" identifier="oai:riuma.uma.es:10630/37882" metadataPrefix="marc">https://riuma.uma.es/rest/oai/request</request><GetRecord><record><header><identifier>oai:riuma.uma.es:10630/37882</identifier><datestamp>2026-02-03T11:39:37Z</datestamp><setSpec>com_10630_2254</setSpec><setSpec>col_10630_37956</setSpec></header><metadata><record xmlns="http://www.loc.gov/MARC21/slim" xmlns:dcterms="http://purl.org/dc/terms/" xmlns:doc="http://www.lyncode.com/xoai" xmlns:xsi="http://www.w3.org/2001/XMLSchema-instance" xsi:schemaLocation="http://www.loc.gov/MARC21/slim http://www.loc.gov/standards/marcxml/schema/MARC21slim.xsd">
   <leader>00925njm 22002777a 4500</leader>
   <datafield ind2=" " ind1=" " tag="042">
      <subfield code="a">dc</subfield>
   </datafield>
   <datafield ind2=" " ind1=" " tag="720">
      <subfield code="a">García-Cheikh-Lahlou, Enrique Alastor</subfield>
      <subfield code="e">author</subfield>
   </datafield>
   <datafield ind2=" " ind1=" " tag="720">
      <subfield code="a">Martínez-García, Inmaculada</subfield>
      <subfield code="e">author</subfield>
   </datafield>
   <datafield ind2=" " ind1=" " tag="260">
      <subfield code="c">2025</subfield>
   </datafield>
   <datafield ind2=" " ind1=" " tag="520">
      <subfield code="a">La inteligencia artificial (IA) está transformando significativamente el ámbito educativo, ofreciendo nuevas posibilidades para personalizar el aprendizaje y mejorar la eficiencia docente. Este capítulo examina el papel de la IA en la educación, desde sus fundamentos teóricos hasta su implementación práctica. Se analiza su evolución histórica, comenzando con la prueba de Turing en 1950 hasta los actuales sistemas de aprendizaje profundo, y se exploran los principios pedagógicos que sustentan su uso, incluyendo el conductismo, cognitivismo y constructivismo. La investigación revela beneficios significativos como la personalización del aprendizaje, la automatización de tareas administrativas y el fomento de la inclusión educativa. Sin embargo, también se identifican desafíos importantes relacionados con la privacidad de datos, la equidad en el acceso y la necesidad de formación docente. El estudio destaca la evolución del rol docente hacia facilitador y diseñador de experiencias educativas, requiriendo nuevas competencias tecnológicas, pedagógicas y éticas. Se proponen recomendaciones para una implementación efectiva, enfatizando la importancia de políticas claras, formación continua y colaboración institucional. Se concluye que la IA no constituye una solución universal, sino una herramienta que debe integrarse de manera ética y equitativa para complementar la enseñanza tradicional y promover el desarrollo integral del alumnado.</subfield>
   </datafield>
   <datafield ind1="8" ind2=" " tag="024">
      <subfield code="a">Alastor, E., &amp; Martínez García, I. (2025). El uso de la inteligencia artificial en el ámbito educativo. En E. Sánchez Rivas, E. Sánchez Vega, V. Cebrián Robles, &amp; A. Cívico Ariza (Eds.), Educación digital: Recursos y estrategias didácticas (pp. 60-73). UMA Editorial.</subfield>
   </datafield>
   <datafield ind1="8" ind2=" " tag="024">
      <subfield code="a">https://hdl.handle.net/10630/37882</subfield>
   </datafield>
   <datafield ind1="8" ind2=" " tag="024">
      <subfield code="a">10.24310/mumaedmumaed.194</subfield>
   </datafield>
   <datafield tag="653" ind2=" " ind1=" ">
      <subfield code="a">Investigación activa en educación</subfield>
   </datafield>
   <datafield ind2="0" ind1="0" tag="245">
      <subfield code="a">El uso de la inteligencia artificial en el ámbito educativo</subfield>
   </datafield>
</record>
</metadata></record></GetRecord></OAI-PMH>